Microcontrollers and microcomputers: Principle of software & Hardware Engg. (Record no. 194)

MARC details
000 -LEADER
fixed length control field 00484nam a22001697a 4500
005 - DATE AND TIME OF LATEST TRANSACTION
control field 20180202150238.0
008 - FIXED-LENGTH DATA ELEMENTS--GENERAL INFORMATION
fixed length control field 160428b xxu||||| |||| 00| 0 eng d
020 ## - INTERNATIONAL STANDARD BOOK NUMBER
ISBN 0-19-511008-0
041 ## - LANGUAGE CODE
Language code of text/sound track or separate title eng
082 ## - DEWEY DECIMAL CLASSIFICATION NUMBER
Item number 00673
Classification number 004.16
100 ## - MAIN ENTRY--AUTHOR NAME
Personal name Cady, Fredrick M.
245 ## - TITLE STATEMENT
Title Microcontrollers and microcomputers: Principle of software & Hardware Engg.
260 ## - PUBLICATION, DISTRIBUTION, ETC. (IMPRINT)
Place of publication New York
Name of publisher Oxford University Press,
Year of publication 2004
300 ## - PHYSICAL DESCRIPTION
Number of Pages 252
650 ## - SUBJECT ADDED ENTRY--TOPICAL TERM
Topical Term Information Technology
942 ## - ADDED ENTRY ELEMENTS (KOHA)
Koha item type Books
Holdings
Lost status Damaged status Collection code Home library Current library Shelving location Date acquired Source of acquisition Cost, normal purchase price Full call number Accession Number Koha item type
    CS/IT JRU Library JRU Library SHELF-49-A 28/04/2016 PURCHASE 245.00 004.16 00673 Books
    CS/IT JRU Library JRU Library SHELF-49-A 28/04/2016 PURCHASE 245.00 004.16 00674 Books